[Event "USA-ch"]
[Site "Modesto"]
[Date "1995.??.??"]
[Round "5"]
[White "Browne, Walter Shawn"]
[Black "Benjamin, Joel"]
[Result "1-0"]
[WhiteElo "2560"]
[BlackElo "2575"]
[Annotator "Stohl,I"]
[PlyCount "97"]
[EventDate "1995.11.??"]
[EventType "tourn"]
[EventRounds "13"]
[EventCountry "USA"]
[EventCategory "12"]
[SourceTitle "CBM 051"]
[Source "ChessBase"]
[SourceDate "1996.04.01"]
[SourceVersion "1"]
[SourceVersionDate "1996.04.01"]
[SourceQuality "1"]

1. d4 d6 2. e4 Nf6 3. Nc3 c6 4. f4 Qa5 5. Bd3 e5 6. Nf3 Bg4 7. Be3 Nbd7 8. O-O
(8. Qd2 Be7 9. O-O Bxf3 10. Rxf3 Ng4 11. Ne2 Qb6 12. c3 Nxe3 13. Rxe3 Bf6 14.
Bc4 O-O 15. Kh1 Rad8 16. Rd3 Qc7 17. Rd1 Nb6 18. Bb3 exf4 19. Qxf4 Qe7 20. Rf1
Bg5 21. Qg4 Bh6 22. Ng3 g6 23. Nf5 Qg5 24. Qe2 $1 $40 {Tsuboi,E-Pelikian,Je/
Sao Paulo op/1996/}) 8... Be7 9. h3 (9. Kh1 $5 exd4 10. Bxd4 Nc5 11. Qe1 Nxd3
12. cxd3 Bxf3 13. Rxf3 Qb4 14. Qg1 O-O 15. Ne2 Rfe8 16. Ng3 g6 17. Raf1 Nd7 18.
a3 Qb3 19. Qf2 f6 20. h4 c5 21. Bc3 d5 22. exd5 Qxd5 23. f5 Ne5 24. Bxe5 Qxe5
25. Ne4 $16 {Smagin,S-Pekarek,A/Prague Chip/1992/}) (9. Qe1 Bxf3 10. gxf3 (10.
Rxf3 $142 Ng4 11. Bd2 $1 $44) 10... exd4 11. Bxd4 Nh5 12. Be3 Qc7 13. f5 g6 14.
fxg6 hxg6 15. f4 O-O-O 16. b4 g5 17. fxg5 Bxg5 18. Bxg5 Rdg8 19. Rf5 f6 20. h4
fxg5 21. Rxg5 Nf4 $17 {Canfell,G-Hodgson,J/Eastbourne ch-GB/1991/}) 9... Bh5 $5
$146 (9... Bxf3 10. Qxf3 O-O 11. g4 $5 (11. a3 a6 (11... b5 12. fxe5 dxe5 13.
d5 cxd5 14. Nxd5 Nxd5 15. exd5 Nf6 16. d6 Bxd6 17. Qc6 Qc7 18. Bxb5 Qxc6 19.
Bxc6 Rac8 20. Ba4 Bc5 21. Bxc5 Rxc5 22. Rf5 Rc4 23. Bb3 Re4 24. Rd1 h5 25. Rd6
Rb8 26. Ra6 $16 {Grosse Kloenne,E-Muse,M/2BLN 9091/1991/}) 12. Ne2 Rfe8 13. g4
exd4 14. Nxd4 g6 15. Ne2 c5 16. Ng3 d5 17. e5 c4 18. Be2 Bc5 19. Bxc5 Qxc5+ 20.
Qf2 Ne4 21. Nxe4 dxe4 22. Qxc5 Nxc5 23. Bxc4 Rad8 24. Rad1 $16 {Komliakov,
V-Rakhmangulov,A/Nikolaev zt/1995/}) (11. Ne2 c5 12. dxe5 dxe5 13. Nc3 Bd6 (
13... Rac8 14. Bb5 exf4 15. Bxf4 Nb6 16. e5 Ne8 17. Qxb7 Nc7 18. e6 Nxb5 19.
Qxe7 Nxc3 20. bxc3 Nd5 21. exf7+ Kh8 22. Qe6 Nxf4 23. Rxf4 Qxc3 24. Qxc8 {
1-0/Renet-Moskalenko/St Martin op/1991/}) 14. f5 Nb6 15. Qe2 Rfd8 16. a3 Rac8
17. Bc4 Nxc4 18. Qxc4 Bf8 19. Bg5 Rd4 20. Qe2 Ne8 21. Be3 Rd7 22. Rad1 Rxd1 23.
Rxd1 Qb6 24. Qb5 $1 $16 {_|_,Yakovich,Y-Mokry,K/Pardubice op/1994/}) 11... exf4
12. Qxf4 (12. Bxf4 Qb6 13. Ne2 Ne5 14. Bxe5 dxe5 15. Kh1 exd4 16. e5 Nd5 17.
Qe4 g6 18. Nxd4 Rae8 19. e6 fxe6 20. Nxe6 Rxf1+ 21. Rxf1 Qe3 22. Qxe3 Nxe3 23.
Re1 Nd5 24. Nd4 $10 {1/2/Danek,L-Pribyl,M/Morava D/1991/}) 12... h6 13. Ne2 Nh7
14. Ng3 Bg5 15. Qf3 c5 16. c3 cxd4 17. cxd4 Bxe3+ 18. Qxe3 Qg5 19. Rf4 g6 20.
Bc4 Nb6 21. Bb3 Rae8 22. Qf2 Re7 23. Ne2 Rc7 24. Nc3 Qe7 25. Rf1 Ng5 26. Kg2
$36 {[%csl Gd4,Ge4][%cal Gf1f7] [+],<->f,Rogulj,B-Soltis,A/Belgrade GMA-op/
1988/}) 10. Qe1 (10. Qd2 $5 $14) 10... exf4 (10... O-O 11. dxe5 $1 (11. Nd5 $5
$16) 11... dxe5 12. fxe5 Ne8 $8 (12... Nxe5 13. Nxe5 Qxe5 14. Rf5 Qe6 15. e5
Bg6 16. exf6 Bxf5 17. fxe7 $18) 13. e6 $1 fxe6 14. Bc4 $36) 11. Bxf4 Bg6 {
Leaving the K in the middle is playing with fire. White develops a strong
attack by natural means.} (11... O-O $142 12. Qg3 Ne8 13. Rae1 $36) 12. e5 $1 {
[%csl Re8] עe8} dxe5 13. dxe5 (13. Nxe5 $6 Nxe5 14. Bxe5 O-O $10) 13... Nd5 (
13... Nh5 $2 14. Bxg6 hxg6 (14... Nxf4 15. Bxf7+ $1 Kxf7 16. e6+ Nxe6 17. Ng5+
$18 {->}) 15. Bh2 {[%csl Rh5][%cal Rg2g4] /\g4,פh5}) 14. e6 $1 Qb6+ (14...
fxe6 15. Bxg6+ hxg6 16. Nxd5 Qxd5 $8 (16... Qxe1 17. Nc7+) 17. Rd1 Qc5+ 18. Kh1
Nf8 (18... O-O-O 19. Qxe6 {[%cal Rd1d7] /\Rd7!+-}) 19. Be5 $16) (14... Nxf4 15.
exd7+ Kd8 $8 16. Bxg6 Nxg6 17. Rd1 $16) 15. Kh1 fxe6 16. Bxg6+ hxg6 17. Bg5 $1
$40 (17. Nxd5 cxd5 18. Ne5 Nxe5 19. Bxe5 O-O-O 20. Rf7 Bd6 $132) 17... N5f6 (
17... N7f6 18. Ne5 Qxb2 19. Nxd5 Nxd5 20. Nxg6 Bxg5 21. Qxe6+ Kd8 22. Qd6+ $18)
(17... Bxg5 $142 18. Nxg5 O-O-O 19. Nf7 $16) 18. Qxe6 Qxb2 (18... c5 19. Qe3
$40 {[%cal Ge1e8] <->e}) 19. Bxf6 (19. Ne4 $1 {was stronger a winning
practically by force.} Qb4 (19... Nf8 20. Nd6+ Kd8 21. Qf7 $18) 20. Rae1 O-O-O
21. c3 Qa3 22. Bc1 $18) 19... gxf6 20. Rab1 $1 (20. Rae1 $2 O-O-O $13) 20...
Qxc3 21. Rxb7 O-O-O {The K is out of the centre, but still not safe.} (21...
Rd8 22. Rd1 Qc5 23. Rdxd7 Rxd7 24. Rxd7 (24. Qxd7+ Kf7 25. Rxa7 $16) 24... Kf8
25. Rc7 $18) 22. Rfb1 {[%cal Rb7b8,Rb1b7] /\Rb8,R1b7#} Rxh3+ $1 $8 23. Qxh3 f5
$6 (23... Bd6 $142 24. R7b3 Qc5 (24... Qxc2 25. Nd4 Qc4 (25... Qe4 26. Ne6 Re8
27. Nc5 $1 Bxc5 28. Rb8+ Kc7 29. R1b7+ $18) 26. Rc3 $5 Qxd4 27. Rxc6+ Bc7 28.
Rbc1 $16) 25. Rd1 f5 26. Qh4 $5 $16) 24. Qh2 $1 f4 $8 (24... Qa5 25. Nd4 {
[%cal Rd4c6,Rd4e6] /\Nc6,Ne6+-}) 25. Qxf4 Qa5 (25... Rh8+ 26. Nh2 Qa5 27. Rb8+
Nxb8 28. Qxb8+ $18) 26. g3 $6 (26. Rb8+ $1 {ends the pursuit of Black's K-}
Nxb8 27. Rxb8+ Kd7 28. Ne5+ Ke6 29. Qf7+ Kxe5 (29... Kd6 30. Nc4+) 30. Qxe7+
$18) 26... g5 27. Qe4 Qc3 28. Rxa7 Bd6 29. Ra8+ Bb8 30. Qd3 Qf6 31. Kg2 $18 g4
32. Qa6+ Kc7 33. Qb7+ Kd6 34. Qb4+ (34. Rd1+ $5 Ke7 35. Nd4 $18 {->}) 34... Kc7
35. Qb7+ $138 Kd6 36. Qb4+ Kc7 37. Qxg4 Nb6 38. Ra6 Nd5 39. Re1 Qc3 40. Qe4 Kb7
41. Ra4 Rg8 42. Rb1+ Nb6 (42... Kc7 43. Rc4 Qa5 44. Qe6 $18) 43. Qe7+ Bc7 (
43... Kc8 44. Qe6+ Kc7 45. Qxg8 Qxc2+ 46. Nd2 $1 Qxa4 (46... Qxd2+ 47. Kh3 Qh6+
48. Rh4 $18) 47. Rxb6 $18) 44. Ra7+ $1 Kxa7 45. Qxc7+ Ka8 46. Qxb6 Qxc2+ 47.
Kh1 Qh7+ 48. Nh4 Qe4+ 49. Ng2 (49. Ng2 Rh8+ 50. Kg1) 1-0

[Event "Balatonbereny GM"]
[Site "Balatonbereny"]
[Date "1995.??.??"]
[Round "7"]
[White "Tolnai, Tibor"]
[Black "Bezold, Michael"]
[Result "0-1"]
[WhiteElo "2455"]
[BlackElo "2490"]
[Annotator "Stohl,I"]
[PlyCount "66"]
[EventDate "1995.08.??"]
[EventType "tourn"]
[EventRounds "11"]
[EventCountry "HUN"]
[EventCategory "11"]
[SourceTitle "CBM 050"]
[Source "ChessBase"]
[SourceDate "1996.02.01"]
[SourceVersion "1"]
[SourceVersionDate "1996.02.01"]
[SourceQuality "1"]

1. e4 d6 2. d4 Nf6 3. Nc3 c6 4. f4 Qa5 5. Bd3 e5 6. dxe5 (6. Nf3 $142 Bg4 7.
Be3 $14) 6... dxe5 7. f5 {In a position with the open d-file and fixed e4/e5
pawns White's pawn e4 is weaker than Black's, on the other hand White has
space and attacking chances on the King-side, as the following examples
illustrate. therefore Black must seek active counterplay on the other flank as
soon as possible.} b5 $1 (7... Nbd7 8. Nf3 (8. Nh3 $5 b5 9. Bd2 b4 10. Nb1 Qb6
11. Nf2 Bc5 12. O-O Bb7 13. a3 a5 14. axb4 axb4 15. Rxa8+ Bxa8 16. Qf3 Bb7 17.
Bc1 Ba6 18. Nd2 O-O 19. g4 Ra8 20. g5 Ne8 21. Kg2 Bxf2 22. Rxf2 Bxd3 23. cxd3
Qd8 24. Nc4 Ra1 25. Bd2 $16 {Rodriguez,And-Soppe,G/San Martin/1994/}) 8... Bc5
9. Bd2 $1 (9. Qe2 b5 10. Bd2 Qb6 11. a4 Bb7 12. axb5 cxb5 13. Bxb5 O-O 14. Ng5
Bd4 15. Na4 Qd6 16. Ba5 Nc5 17. c3 Nb3 18. Bb4 Qb8 19. Bxf8 Qxf8 20. Rd1 Bb6
21. Bc4 Nd4 22. Qd3 Rc8 23. Nxb6 axb6 24. Bxf7+ Kh8 25. Ba2 {1-0/Belotti,
B-Beil,Z/Reggio mem Chicco/1991/}) 9... Ng4 $2 10. Ng5 Nf2 11. Qh5 g6 12. Qf3
Nxh1 13. fxg6 Rf8 14. g7 Qc7 15. g8=Q $1 {1-0/Arnason,J-Pribyl/Yurmala/1987/})
8. Qf3 (8. Qe2 b4 (8... Nbd7 9. Nf3 b4 10. Nd1 b3+ 11. Nd2 bxc2 12. Ne3 Nc5 13.
Nec4 Nxd3+ 14. Qxd3 Ba6 15. Qxc2 Bxc4 16. Qxc4 Qb5 17. Ke2 Rd8 18. Qxb5 cxb5
$10 {Kettner,J-Welz,T/2BLSW 8889/1988/}) (8... Ba6 9. Bd2 b4 10. Nd1 Bxd3 11.
cxd3 Nbd7 12. Nf3 Bc5 13. Ne3 Bxe3 14. Bxe3 O-O 15. Nd2 Rad8 16. Nb3 Qb5 17. g4
a5 18. g5 Ne8 19. Rc1 Nc7 20. Qc2 a4 21. Nd2 Na6 22. Qc4 Qxc4 23. Rxc4 c5 24.
Ke2 Rc8 25. h4 $16 {Mortensen,E-Jansa,V/Kerteminde/1991/}) 9. Nd1 b3+ 10. Nc3
Bb4 11. Bd2 bxc2 12. a3 Ba6 13. Nf3 Bxd3 14. Qxd3 Nbd7 15. Qxc2 O-O 16. O-O
Bc5+ $132 {1/2/Brigljevic,M-Pribyl,J/Praha T7/1990/}) (8. Be3 $6 Nbd7 (8... b4
9. Nb1 Ba6 10. Nd2 Bxd3 11. cxd3 Qb5 12. Qe2 Nbd7 13. Nh3 Bc5 14. Nf2 Rd8 15.
Rc1 O-O 16. O-O Bb6 17. Nc4 Bxe3 18. Qxe3 Nb6 19. b3 Rd4 20. Nd2 Nfd7 21. f6
Nxf6 22. Nf3 Rd6 23. Rc5 $44 {Ploetz,W-Pribyl,M/2.BLO 9293/1992/}) 9. Nf3 Ng4
10. Bg1 Bb4 11. h3 Bxc3+ 12. bxc3 Qxc3+ 13. Kf1 Ngf6 14. Bf2 O-O 15. a4 a5 16.
g4 bxa4 17. Rxa4 Ba6 18. Qe2 Bb5 19. Ra2 a4 20. Kg2 Rfb8 $15 {Bures,M-Pribyl,J/
TCH-ch Luhacovice/1993/}) (8. Nf3 Nbd7 9. Qe2 $5 (9. O-O b4 10. Nb1 Nc5 $5 (
10... Ba6 11. Nbd2 Bxd3 (11... Rd8 12. Qe2 Bxd3 13. cxd3 Nb6 14. Kh1 Be7 15. d4
$1 exd4 16. e5 d3 17. Qe1 Nfd5 18. Nb3 Qa6 19. f6 gxf6 20. exf6 Nxf6 21. Nfd4
Nbd5 22. Bg5 Ng8 23. Rc1 Rd6 24. Nf5 $40 {Dufrenoy,M-Adams,M/FRA-chT/1991/})
12. cxd3 Qb5 13. Nc4 Rd8 14. Qc2 Bc5+ 15. Kh1 O-O 16. Bg5 Rfe8 17. d4 Bxd4 18.
Nd6 Qb6 19. Nxe8 Rxe8 20. Rac1 c5 21. Bxf6 Nxf6 22. Rfe1 Ng4 23. h3 Qh6 24.
Nxd4 cxd4 25. Qc6 Nf6 26. Qa6 Qh4 {Arnason,J-Hodgson,Ju/Reykjavik/1989/}) 11.
Nxe5 Ncxe4 12. Ng4 Nxg4 13. Bxe4 Qc5+ 14. Kh1 Ba6 15. Bxc6+ Qxc6 16. Re1+ Be7
17. Qxg4 O-O 18. Nd2 Rfe8 19. Ne4 Bb7 20. Bf4 Bf8 21. Ng5 Rxe1+ 22. Rxe1 Re8
23. Rxe8 Qxe8 24. Qd1 h6 $44 {Schlosser,M-Casagrande,H/AUT-ch/1995/}) 9... Bb7
10. O-O a6 11. Bd2 Qc7 12. a4 Be7 13. Nd1 Nc5 14. axb5 axb5 15. Nf2 O-O 16. g4
Rfe8 17. b4 Na4 18. g5 Nh5 19. Nxe5 Bd6 20. Qxh5 Bxe5 21. Rae1 Bd4 22. Be3 Qb6
23. Bxd4 Qxd4 24. e5 Rxe5 25. f6 h6 26. Bh7+ $1 Kxh7 27. Rxe5 $18 {Sveshnikov,
E-Rashkovsky,N/Moscow 25'/1992}) (8. Bd2 b4 (8... Qb6 9. g4 Bc5 10. Nh3 h5 11.
g5 Ng4 12. Qe2 a5 13. Nd1 Na6 14. Nhf2 Nxf2 15. Nxf2 Nb4 16. a3 Bxf2+ 17. Qxf2
Nxd3+ 18. cxd3 Qd8 19. Qc5 Qc7 20. Bc3 $16 {[%csl Gc3,Rc8] ^-->,Kakuk,
S-Okhotnik,V/Hajduboszormeny IM/1995/}) 9. Nce2 Qb6 10. Nc1 Nbd7 11. Nb3 a5 12.
Qe2 Ba6 (12... a4 13. Be3 $14 {[%cal Yb3d2] /\Nd2}) 13. Be3 c5 14. Nh3 Be7 15.
Nf2 a4 16. Nd2 Qc6 17. g4 Kd8 18. O-O Ne8 19. Rad1 h6 20. Nc4 Bf6 21. Rd2 Ke7
22. Rfd1 Bc8 23. Qf3 Nc7 24. Qg3 $36 {Iruzubieta,JM-Belotti,B/Cannes op/1993/})
8... Nbd7 (8... b4 $5 9. Nce2 c5 10. g4 h6 11. Bd2 Ba6 12. Bxa6 Qxa6 13. Ng3
Qc4 14. c3 Nc6 15. N1e2 Rd8 16. Nc1 bxc3 17. bxc3 Qa4 18. h4 Qc2 $19 {Muir,
A-Deev,A/Lyngby op/1990/}) (8... Bc5 9. Bd2 Qb6 10. Nge2 Nbd7 11. g4 h6 12. Ng3
Bb7 13. h4 O-O-O 14. O-O-O Ne8 15. g5 hxg5 16. hxg5 Rg8 17. g6 f6 18. Kb1 Bf8
19. Be3 Qa5 20. Qf2 Kb8 21. Nge2 Nd6 22. Nc1 Bc8 23. Nb3 Qc7 24. a4 b4 25. Ne2
$16 {[%csl Ra7,Rb4,Rc5,Rf8] (),׫,Bf8,Lanka,Z-Gervasi,G/Roma op/1990/}) 9. Bd2
(9. Nge2 Ba6 (9... Bb7 10. O-O h5 11. a4 Ng4 12. Kh1 a6 13. Bg5 Qb6 14. Ng1 Bc5
15. Nh3 Bd4 16. Nd1 c5 17. axb5 axb5 18. Rxa8+ Bxa8 19. c3 c4 20. cxd4 cxd3 21.
d5 $14 {Vujosevic,V-Maksimovic,B/JUG-chT Cetinje/1992/}) 10. O-O Nc5 11. Bg5 b4
12. Bxf6 $6 Nxd3 13. cxd3 bxc3 14. Bh4 cxb2 15. Rab1 Qxa2 16. Rfd1 Bc5+ 17. Kh1
O-O 18. f6 Rfd8 19. Qg3 g6 20. Qxe5 Bxd3 21. Rxb2 Bxe2 22. Re1 Qc4 23. Rbxe2 a5
$19 {Pein,M-Hodgson,J/BCF-ch/1988/}) 9... Nc5 (9... b4 10. Nd1 Nc5 11. Nf2
Nxd3+ 12. Nxd3 Ba6 13. Ne2 Rd8 14. Nec1 Bxd3 15. cxd3 Qb5 16. O-O h5 17. Bg5
Rd7 18. Bxf6 gxf6 19. Rd1 h4 20. d4 Rxd4 21. Rxd4 Bc5 22. Nb3 Bxd4+ 23. Nxd4
Qc5 24. Qf2 Qxd4 25. Qxd4 exd4 26. Rd1 Ke7 27. Rxd4 a5 28. Kf2 $10 {1/2/
Niedermayr,H-Mahdy,K/AUT-chT 9495/1995/}) 10. Nd5 $6 (10. g4 $142 $5 h6 11. h4
Nfd7 $132) 10... Qd8 11. Nxf6+ gxf6 $1 12. Be2 (12. Ne2 Nxd3+ 13. cxd3 c5 $36 {
[%csl Gc8,Gf8,Rd3][%cal Yc8b7,Yd8d7] /\Bb7,Qd7,^^,><d3}) (12. Nh3 $142 $5 Nxd3+
13. cxd3 c5 14. Nf2 $13) 12... Qd4 $1 13. Bc3 Qxe4 14. b4 Qxf3 15. Bxf3 e4 $1
$8 (15... Nd7 16. Bxc6 Rb8 17. a4 $16) 16. Bxf6 exf3 17. Nxf3 (17. Bxh8 $2 fxg2
$19) 17... Rg8 18. bxc5 Bxf5 $17 {[%csl Gf5,Gf8,Ra2,Rc2,Rc5,Rg2] ^^,ק The
Bishop pair is very powerful in this endgame.} 19. O-O-O (19. Nd4 Rg6 $17)
19... Rg6 (19... Bxc5 20. Rhe1+ Be6 21. Ng5 $44) 20. Rhe1+ Be6 21. Bh4 (21. Bd4
Rxg2 $17 (21... O-O-O $6 $17)) 21... Bxc5 22. g3 (22. Nd4 Bxd4 23. Rxd4 Rxg2 {
[%cal Re8f8,Re6f5] /\Kf8,Bf5-+}) 22... Rg4 $1 23. c3 h6 24. Bf6 (24. Nd4 Bxd4
25. cxd4 Kd7 $17) 24... Ra4 25. Nd4 Bxd4 26. Rxd4 Rxa2 $19 {Black has two
extra pawns and his King is much safer. Despite the ^- White is lost.} 27. Rh4
(27. Red1 Ra1+ 28. Kb2 Rxd1 29. Rxd1 a5 $19) 27... Kd7 28. Kb1 (28. Rxh6 Ra1+
29. Kd2 Rxe1 30. Kxe1 a5 $19 {[%csl Ga5] o^a}) 28... Rg2 29. Rxh6 Re8 30. Kc1 (
30. Rd1+ Bd5 {[%cal Re8e2] /\Ree2}) 30... a5 31. Bd4 a4 32. Bc5 a3 $1 33. Rd1+
Kc7 (33... Kc7 34. Bxa3 Ra8 35. Bb2 Ra2 $19) 0-1

[Event "Rubinstein Memorial 32nd"]
[Site "Polanica Zdroj"]
[Date "1995.??.??"]
[Round "10"]
[White "Tiviakov, Sergei"]
[Black "Smirin, Ilia"]
[Result "0-1"]
[WhiteElo "2655"]
[BlackElo "2630"]
[Annotator "Stohl,I"]
[PlyCount "80"]
[EventDate "1995.08.??"]
[EventType "tourn"]
[EventRounds "11"]
[EventCountry "POL"]
[EventCategory "14"]
[SourceTitle "CBM 049"]
[Source "ChessBase"]
[SourceDate "1995.12.01"]
[SourceVersion "1"]
[SourceVersionDate "1995.12.01"]
[SourceQuality "1"]

1. e4 d6 2. d4 Nf6 3. Nc3 g6 4. Bg5 h6 5. Be3 a6 (5... c6 6. Qd2 b5 7. Bd3 Ng4
8. Bf4 e5 9. dxe5 dxe5 10. Bg3 h5 11. Nf3 h4 12. Bxe5 Nxe5 13. Nxe5 Qf6 14. f4
Bh6 15. Ne2 Qxe5 16. fxe5 Bxd2+ 17. Kxd2 Rh5 18. Rhf1 a6 19. a4 b4 20. Bc4 Ra7
21. e6 Bxe6 22. Bxe6 fxe6 23. Rf6 Rg5 24. Raf1 $18 {Polgar,J-Lobron,E/Munich/
1991/}) 6. f3 b5 7. Qd2 Nbd7 8. a4 b4 9. Na2 $146 (9. Nd1 Rb8 10. Nf2 (10. Nh3
c5 11. dxc5 Nxc5 12. e5 Bxh3 13. exf6 Bd7 14. fxe7 Bxe7 15. Bxh6 Bf6 16. Bf4
O-O 17. Bc4 Re8+ 18. Kf2 Nxa4 19. Qxd6 Rc8 20. Qxb4 Bb5 21. Bxb5 Rxc2+ 22. Kg3
axb5 $40 {Van der Wiel,J-Chernin,A/Wijk/1991/}) (10. Bd3 e5 11. Ne2 exd4 12.
Nxd4 Bb7 13. O-O c5 14. Ne2 Ne5 15. c4 bxc3 16. Ndxc3 Bg7 17. Rad1 Qb6 18. Nf4
O-O 19. Rf2 g5 20. Nfe2 Rfd8 21. Ng3 d5 22. exd5 Nxd5 23. Nxd5 Bxd5 24. Qc1
Bxf3 25. Bxc5 Qb3 {0-1/Formanek,E-Svidler,P/New York op/1995/}) 10... c5 11.
dxc5 Nxc5 12. e5 Nfd7 13. exd6 Bg7 14. Bd4 Bxd4 15. Qxd4 O-O 16. Ne2 exd6 17.
Ng3 d5 18. Be2 Ne6 19. Qd2 Qg5 20. Qxg5 hxg5 21. h4 $132 {Svidler,P-Smirin,I/
Haifa/1995/}) 9... c5 $5 (9... a5 10. Bb5 Bb7 11. d5 {[%cal Rc2c3] /\c3|^}) 10.
dxc5 (10. Nc1 Bb7 $132) 10... dxc5 11. e5 (11. Nc1 Qc7 12. Nh3 Bb7 13. Nf2 e6
$10) (11. c3 $5 bxc3 12. Nxc3 Rb8 $13) 11... Nxe5 $8 12. Qxd8+ Kxd8 13. Bxc5 a5
14. Bb6+ Ke8 15. Bb5+ (15. Nc1 $142 Nd5 16. Bd4 Bg7 17. Bb5+ Bd7 $10) 15... Bd7
16. Bd4 (16. Bxd7+ Nexd7 17. Bf2 Nd5 $15 {[%csl Ra2,Rc2][%cal Yf8g7,Gg7a1] /
\Bg7/^h8-a1,פa2,c2}) 16... Bxb5 17. axb5 (17. Bxe5 Bxa4 $17) 17... Nc4 18.
Nxb4 (18. b3 Na3 $17) (18. Bxf6 exf6 19. O-O-O Rb8 20. Rd5 Nd6 $17 {[%csl Ra2]
פa2}) 18... e5 19. Bc3 $8 Bxb4 20. Bxb4 Nd5 21. Ba3 $2 (21. Bd2 Nxb2 (21...
Nde3 22. Bxe3 Nxe3 23. Kd2 Nxg2 24. c4 $16 {[%csl Gb5,Gc4] o^b,c}) 22. Rxa5
Rxa5 23. Bxa5 Nc4 24. Bd2 Kd7 25. Ne2 h5 {/\Rb8=}) 21... Nde3 $1 {[%csl Ra3]
ץa3} 22. Kf2 (22. Rc1 Nxg2+ 23. Kf2 Nf4 24. Ne2 Nxe2 25. Kxe2 Rb8 $17) 22...
Nxc2 23. Rc1 N2xa3 24. bxa3 Nxa3 $17 25. Rc5 Ke7 $1 {@} 26. Ne2 (26. Rxe5+ Kf6
27. Rc5 Rhb8 $17) 26... Rhc8 27. Rxe5+ Kf6 28. f4 (28. Rd5 Rc2 $40) 28... Rc2
$6 (28... Nc4 $1 29. Rd5 a4 $17) 29. b6 $2 (29. Rc1 $1 Rxc1 30. Nxc1 Rb8 31. b6
Nc4 32. Rc5 $10) 29... Rb2 30. Ra1 Nc4 31. Rc5 Re8 $1 32. Re1 (32. Rxc4 $142
Rexe2+ 33. Kf3 Rf2+ 34. Ke3 Rxg2 35. Rc6+ Kg7 36. Rxa5 Rxh2 $17) 32... Re4 33.
Kf3 (33. Rc6+ Kg7 34. Kf3 Nd2+ 35. Kf2 Nb3 $1 36. Kf3 Rexe2 $19) 33... Nd2+ 34.
Kf2 a4 35. Re5 Rc4 (35... Reb4 36. Ra1 Nc4 $19) 36. Ke3 Rcb4 $1 $19 37. Rd5
Nc4+ 38. Kf2 (38. Kf3 $142) 38... Nxb6 39. Rd6+ Ke7 40. Rd3 Rxf4+ 0-1